Business Mathematics -Intermediate course (Record no. 91513)

MARC details
000 -LEADER
fixed length control field 00475nam a2200181Ia 4500
008 - FIXED-LENGTH DATA ELEMENTS--GENERAL INFORMATION
fixed length control field 230125s9999 xx 000 0 und d
041 ## - LANGUAGE CODE
Language code of text/sound track or separate title eng
082 ## - DEWEY DECIMAL CLASSIFICATION NUMBER
Classification number 511.42
Item number SAH
100 ## - MAIN ENTRY--PERSONAL NAME
Personal name Saha S
9 (RLIN) 114199
245 ## - TITLE STATEMENT
Title Business Mathematics -Intermediate course
260 ## - PUBLICATION, DISTRIBUTION, ETC. (IMPRINT)
Date of publication, distribution, etc. 1989
Name of publisher, distributor, etc. New Central Book Agency
Place of publication, distribution, etc. Calcutta
300 ## - PHYSICAL DESCRIPTION
Extent 837p
500 ## - GENERAL NOTE
Keywords Business mathematics
500 ## - GENERAL NOTE
Keywords Maths
650 ## - SUBJECT ADDED ENTRY--TOPICAL TERM
Topical term or geographic name as entry element Mathematics
9 (RLIN) 106897
700 ## - ADDED ENTRY--PERSONAL NAME
Personal name Saha S
9 (RLIN) 114199
Holdings
Withdrawn status Lost status Damaged status Not for loan Home library Current library Date acquired Vendor Cost, normal purchase price Full call number Barcode Date last seen Cost, replacement price Bill Date Koha item type Original Barcode
Withdrawn       Smt. Hiraben Nanavati Institute of Management & Research for Women Smt. Hiraben Nanavati Institute of Management & Research for Women 24/09/2001 Satya Gilani 70.00 511.42 SAH DB0529 HIMR-DB-529 25/01/2023 70.00 24/09/2001 Donated Book DB0529